000 01093nmm a2200313 a 4500
001 ocm0002016408
003 TR-IsHL
005 20201028180458.0
008 181209s2008 tu tur
007 cr cn
020 _a9786053845799
035 _a2016408
_b(N$T)
050 0 4 _aHQ773
_b.K3913 2008
090 0 4 _aHQ773
_b.K3913 2008
100 1 _aKazdin, Alan E.
245 1 0 _aA'dan Z'ye pozitif çocuklar yetiştirme
_h[electronic resource] /
_cAlan E. Kazdin ; Çeviri : Meliha Özge Onan
260 _aİstanbul :
_bYakomoz Kitap,
_c2008
300 _a342 p.
500 _aÖzgün adı : The Kazdin Method For Parenting The Defiant Child
650 4 _aEğitim
650 4 _aEducation
650 0 _aAnababa davranışı
650 0 _aProblemli çocuklar
_x Davranış değiştirme
650 0 _aÇocuk yetiştirme
650 0 _aÇocuk
_x Eğitim
650 7 _aFAMILY & RELATIONSHIPS / Parenting / Child Rearing.
_2bisacsh
700 1 _aOnan, Meliha Özge
856 4 0 _uhttp://search.ebscohost.com/login.aspx?direct=true&scope=site&db=e011xww&AN=2016408
999 _c19158
_d19158